| 000 | 00465nam a22001811a 4500 | ||
|---|---|---|---|
| 001 | 4647 | ||
| 003 | OSt | ||
| 005 | 20260204211942.0 | ||
| 008 | 050905s2001||||sp ||||||b||||||||||spa|| | ||
| 020 | _a8420531421 | ||
| 050 | _a658.154 T247e | ||
| 100 | _aTemplar, Richard | ||
| 245 | _aElaborar presupuestos / Richard Templar | ||
| 264 | _aEspaña: Pearson Educación | ||
| 300 | _a83 p | ||
| 650 | _a1.Presupuestos - Administración FinancieraÌ | ||
| 942 |
_2ddc _cBK |
||
| 999 |
_c4647 _d4647 |
||